000 00805nam a2200277 i 4500
001 C2-0315407
003 PPAK
005 20180728111211.0
008 120606s2012 my a|||| ||||| | eng d
020 _a9789673575114
040 _aPPAK
_beng
_cPPAK
_erda
082 0 4 _a428.2076
_223
090 0 0 _a428.2076
_bCHU
_dRK
100 1 _aChuah, CH,
_eauthor
245 1 0 _aEnglish
264 1 _aShah Alam, Selangor :
_bFederal-Marshall Cavendish Education ,
_c2012
300 _aiv, 260 pages :
_bcolour illustrations ;
_c25 cm
336 _2rdacontent
_atext
337 _2rdamedia
_aunmediated
338 _2rdacarrier
_avolume
490 1 _aHybrid junior UPSR
650 1 0 _aEnglish language - Examinations, questions, etc.
700 _eauthor
830 0 _aHybrid junior UPSR
942 _ddc
_cB
999 _c116662
_d116662